Predaj a zámena nehnuteľností fyzickou osobou z pohľadu zákona o daniach z príjmov

Príjem z predaja nehnuteľností. Príjem z predaja nehnuteľností, o ktorých sa aktuálne účtuje ako o majetku využívanom na podnikanie alebo na inú samostatnú zárobkovú činnosť. Náhrada získaná nájomcom na uvoľnenie nájomného bytu. Príklady.

Salvato in:
Dettagli Bibliografici
Autore principale: Lešková, Marta
Natura: Capitolo di libro
Lingua:slovacco
Soggetti:
Tags: Aggiungi Tag
Nessun Tag, puoi essere il primo ad aggiungerne!!

MARC

LEADER 00000naa$a2200000$$$4500
001 0003566
005 20231003104958.3
041 0 |a slo 
044 |a SK 
245 1 0 |a Predaj a zámena nehnuteľností fyzickou osobou z pohľadu zákona o daniach z príjmov  |c aut. Marta Lešková 
520 |a Príjem z predaja nehnuteľností. Príjem z predaja nehnuteľností, o ktorých sa aktuálne účtuje ako o majetku využívanom na podnikanie alebo na inú samostatnú zárobkovú činnosť. Náhrada získaná nájomcom na uvoľnenie nájomného bytu. Príklady. 
610 2 0 |a nehnuteľnosti 
610 2 0 |a predaj 
610 2 0 |a príjmy 
610 2 0 |a osoby fyzické 
610 2 0 |a dane z príjmov 
100 1 |a Lešková, Marta